| 000 | 00908nam a22002057a 4500 | ||
|---|---|---|---|
| 003 | BD-DhUL | ||
| 005 | 20180807130108.0 | ||
| 008 | 180807s2018 bg a|||| |||| 00| 0 ben d | ||
| 020 | _a9789849319702 | ||
| 040 |
_aBD-DhUL _cBD-DhUL |
||
| 082 |
_a070.92 _bAMI |
||
| 245 | 1 | 0 |
_aআমির হোসেন স্মারকগ্রন্থ : _bশিকড় অণ্বেষণ / _cসম্পাদনা সিরাজ ফরাজী |
| 260 |
_aমাদারীপুর : _bশাহাবুদ্দিন আহমেদ মোল্লা, _c২০১৮ |
||
| 300 |
_a২৮৮ পৃ. : _b চিত্র (অধিকাংশ রঙিন) ; _c২২ সেমি |
||
| 365 |
_aBDT _b300 |
||
| 650 | 0 |
_aহোসেন, আমির _xজীবনী |
|
| 650 | 0 |
_aHossain, Amir _xBiography |
|
| 700 | 1 |
_aফরাজী, সিরাজ _eসম্পাদক |
|
| 942 |
_2ddc _cBK |
||
| 999 |
_c243016 _d243016 |
||